LDR 00726naa#a2200169#i#450# 001 EN\\bibl\121920 005 20260607092709.7 011 ## _a1998-6785 100 ## _a20230321b2023####ek#y0engy0150####ca 102 ## _aRU 200 1# _aWandering between Regions, or On the Use of Theory in Historical Research (Review of "Center and Regions: Economic Policy of the Government on the Outskirts of the Russian Empire (1894–1917). St. Petersburg, 2021") _eJournal article 210 1# _aVladivostok _cVladivostok State University _d2023 215 ## _a4 с. 608 ## _aJournal article _2local 675 ## _aСоциальные процессы. Социальная динамика. 316.4 _z 700 #1 _aBarbenko _gYaroslav A 856 4# _avvgu.editorum.ru _u